000 00594nam a22001811i 4500
001 19374
090 _a19374
100 _a20170304u u u0frey50 ba
101 1 _apor
_cpor
200 1 _fTony Buzan
_aUm cérebro sempre jovem
_eplano de 7 semanas para reforçar a memória
215 _a319, [1] p.
_d20 cm
300 _aPublicado com a revista sábado
700 1 _aBuzan
_bTony
_4070
_f1942
210 _cLeya
_aAlfragide
_d2012
225 2 _aSaúde & bem estar
_v3
410 0 _tSaúde & bem estar
996 _f0026421
_kBUZ
_m00000000
_n00000000
_aBMVAAG
_b4
_vAguiar
_xMedicina
_y29
_eLivro
_10
_31
990 _cLIVROS